000 00294nam a22001337a 4500
008 190226b xxu||||| |||| 00| 0 eng d
020 _a57603
041 _aeng
080 _a159.9
100 _a49
101 _aPSI
245 _aInterpersonal Communiation
_cVandemark, J.F
942 _2udc
_cBK
999 _c54271
_d54271